Twelfth night or what you will (Record no. 28541)
[ view plain ]
| 000 -LEADER | |
|---|---|
| fixed length control field | 00666cam a2200193ua 4500 |
| 001 - CONTROL NUMBER | |
| control field | 49174 |
| 040 ## - CATALOGING SOURCE | |
| Original cataloging agency | RBUC_700050 |
| Modifying agency | INFLIBNET Centre |
| 041 ## - LANGUAGE CODE | |
| Language code of text/sound track or separate title | eng |
| 084 ## - OTHER CLASSIFICATION NUMBER | |
| Classification number | 822.33Q7 |
| Item number | S527 |
| 100 ## - MAIN ENTRY--PERSONAL NAME | |
| Personal name | Shakespeare, William |
| 245 ## - TITLE STATEMENT | |
| Title | Twelfth night or what you will |
| Statement of responsibility, etc. | William Shakespare; edited by Arthur Quiller Couch and John Dover Wilson |
| Medium | Paper |
| Form | Textual Document |
| 260 ## - PUBLICATION, DISTRIBUTION, ETC. | |
| Place of publication, distribution, etc. | Cambridge |
| Name of publisher, distributor, etc. | Cambridge University Press |
| Date of publication, distribution, etc. | 1958 |
| 300 ## - PHYSICAL DESCRIPTION | |
| Extent | 100p. |
| 365 ## - TRADE PRICE | |
| Price type code | UK 6s |
| 490 ## - SERIES STATEMENT | |
| Series statement | [The] Cambridge pocket Shakespeare/John Dover Wilson |
| 650 ## - SUBJECT ADDED ENTRY--TOPICAL TERM | |
| Topical term or geographic name entry element | English Drama |
| 700 ## - ADDED ENTRY--PERSONAL NAME | |
| Personal name | Quiller-Couch, Arthur |
| Relator term | ed |
| 700 ## - ADDED ENTRY--PERSONAL NAME | |
| Personal name | Quiller-Couch, Arthur |
| Relator term | ed1 |
| Personal name | Wilson, John Dover |
| Relator term | ed |
No items available.